Available copies
- 1 of 1 copy available at LARL/NWRL Consortium. (Show)
- 1 of 1 copy available at Lake Agassiz Regional Library.
Current holds
0 current holds with 1 total copy.
View other formats and editions
Show Only Available Copies
| Location | Call Number / Copy Notes | Barcode | Shelving Location | Status | Due Date |
|---|---|---|---|---|---|
| Detroit Lakes Public Library | 921 POE (Text) | 33500013398946 | Main | Available | - |
Record details
- ISBN: 9780062268341
- ISBN: 9781443424523
- ISBN: 1443424528
- ISBN: 0062268341
- Physical Description: 288 p.
- Publisher: HarperCollins Publishers Limited 2014.
Content descriptions
| Summary, etc.: | The actress best known for her work on "Parks and ... Read More |
Search for related items by subject
| Subject: | Poehler, Amy, 1971- Women comedians > United States > Biography. Television actors and actresses > United States > Biography. |
| LDR | 01911cam a2200421Ma 4500 | ||
|---|---|---|---|
| 001 | 171055 | ||
| 003 | LARL_NWRL_CONSORTIUM | ||
| 005 | 20210513222958.0 | ||
| 008 | 140625s2014 xx 000 0 eng d | ||
| 019 | . | ‡a870896448 ‡a870982794 | |
| 020 | . | ‡a9780062268341 | |
| 020 | . | ‡a9781443424523 | |
| 020 | . | ‡a1443424528 | |
| 020 | . | ‡a0062268341 | |
| 035 | . | ‡a(OCoLC)884861385 ‡z(OCoLC)870896448 ‡z(OCoLC)870982794 ‡z(OCoLC)882575343 | |
| 040 | . | ‡aTOH ‡beng ‡cTOH ‡dYDXCP ‡dBTCTA ‡dBDX ‡dGK8 ‡dRV8 ‡dOCLCO | |
| 082 | 0 | 4. | ‡a792.702/8092 |
| 100 | 1 | . | ‡aPoehler, Amy. |
| 245 | 1 | 0. | ‡aYes please. |
| 260 | . | ‡bHarperCollins Publishers Limited ‡c2014. | |
| 300 | . | ‡a288 p. | |
| 336 | . | ‡atext ‡btxt ‡2rdacontent | |
| 337 | . | ‡aunmediated ‡bn ‡2rdamedia | |
| 338 | . | ‡avolume ‡bnc ‡2rdacarrier | |
| 520 | . | ‡aThe actress best known for her work on "Parks and Recreation" and "Saturday Night Live" reveals personal stories and offers her humorous take on such topics as love, friendship, parenthood, and her relationship with Tina Fey. | |
| 600 | 1 | 0. | ‡aPoehler, Amy, ‡d1971- ‡0(LARL_NWRL_CONSORTIUM)209020 |
| 650 | 0. | ‡aWomen comedians ‡zUnited States ‡vBiography. | |
| 650 | 0. | ‡aTelevision actors and actresses ‡zUnited States ‡vBiography. ‡0(LARL_NWRL_CONSORTIUM)167676 | |
| 901 | . | ‡a171055 ‡bOCLC ‡c171055 ‡tbiblio | |

Add to basket
Permalink
Disable Highlighting